| 000 | 03403nam a2200301 4500 | ||
|---|---|---|---|
| 003 | EC-UNACH | ||
| 005 | 20251205112517.0 | ||
| 006 | s||||gr|||| 00| 00 | ||
| 008 | 150116t9999 mx r gr 000 0 spa d | ||
| 020 | _a978-9978-84-708-4 | ||
| 040 |
_aEC-UNACH _cEC-UNACH |
||
| 041 | _aspa | ||
| 082 | 0 | 4 |
_223 _a343.04 _bL018430 |
| 110 | _aEditora nacional | ||
| 245 | _aDerecho tributario municipal ecuatoriano fundamentos y practica | ||
| 250 | _aPrimera edición | ||
| 264 |
_aEcuador _bEditora nacional _c2014 |
||
| 300 | _a225 | ||
| 505 | _a1. Cuestiones preliminares Autonomía municipal Derecho tributario municipal 2. Poder tributario municipal y metropolitano Autoridad financiera municipal Potestad tributaria municipal Facultades de la administración tributaria municipal y metropolitana 3. Régimen tributario municipal y metropolitano La Constitución de 1998 y la Ley Orgánica de Régimen Municipal La Constitución de 2008 y el Código Orgánico de Organización Territorial, Autonomía y Descentralización Capacidad normativa de los municipios en materia tributaria en las Constituciones de 1998 y 2008 Facultad normativa en materia tributaria de los gobiernos autónomos descentralizados Fuentes de la obligación tributaria municipal y metropolitana La participación ciudadana y el mecanismo de la silla vacía en los gobiernos autónomos descentralizados municipales y metropolitanos 4. El catastro predial municipal y metropolitano Origen y noción general del catastro El catastro municipal y metropolitano en el Ecuador Carácter multifinalitario del catastro Identificación del predio: la clave catastral El catastro de la declaratoria de propiedad horizontal Ordenanzas municipales en materia de catastros Aspectos especiales sobre el catastro municipal de bienes inmuebles en el Ecuador 5. Impuestos municipales y metropolitanos Impuesto predial urbano Impuesto por solar no edificado Impuesto adicional sobre inmuebles no edificados en zonas de promoción inmediata Impuesto predial rural Impuesto de alcabala Impuesto a las utilidades en la transferencia de predios urbanos y plusvalía de los mismos Impuesto a los espectáculos públicos Impuesto de patente Impuesto del 1,5 por mil sobre los activos totales Impuesto a los vehículos Impuesto al juego 6. Tasas y contribuciones especiales de mejoras Tasas municipales y metropolitanas Contribuciones especiales y contribuciones especiales de mejoras 7. Perspectivas del régimen tributario municipal y metropolitano Racionalización y optimización del sistema tributario municipal Compatibilización de las normas del régimen tributario municipal ecuatoriano con la Constitución y el Código Orgánico Tributario Simplificación de la gestión tributaria local Actualización de varias reglas del Régimen Tributario Municipal ecuatoriano para lograr seguridad jurídica Incorporación de normas jurídicas que promuevan y estimulen conductas ecológicas, sociales y económicas responsables Bibliografía | ||
| 650 | _aAUTONOMIA MUNICIPAL | ||
| 650 | _aAUTORIDAD FINANCIERA MUNICIPAL | ||
| 650 | _aORIGEN Y NOCIÓN GENERAL DEL CATASTRO | ||
| 700 | _aCesar Montaño Galarza / Juan Carlos Mogrovejo Jaramillo | ||
| 942 |
_2ddc _c1 |
||
| 999 | _c14256 | ||